Flow visualization and images analysis
This book presents state-of-the-art research on teh techniques and their application to fluid flow. Progress in fluid mechanics depends heavily on the availability of good experimental data which can inspire new ideas and concepts but which are also necessary to check and validate theories and numer...
Đã lưu trong:
| Formáid: | Leabhar |
|---|---|
| Teanga: | Undetermined |
| Foilsithe: |
Dordrecht
Kluwer Academic
1993
|
| Ábhair: | |
| Clibeanna: |
Cuir Clib Leis
Gan Chlibeanna, Bí ar an gcéad duine leis an taifead seo a chlibeáil!
|
| Thư viện lưu trữ: | Trung tâm Học liệu Trường Đại học Cần Thơ |
|---|
| LEADER | 01021nam a2200181Ia 4500 | ||
|---|---|---|---|
| 001 | CTU_14912 | ||
| 008 | 210402s9999 xx 000 0 und d | ||
| 020 | |b 50df | ||
| 082 | |a 681.2 | ||
| 082 | |b F644 | ||
| 245 | 0 | |a Flow visualization and images analysis | |
| 260 | |a Dordrecht | ||
| 260 | |b Kluwer Academic | ||
| 260 | |c 1993 | ||
| 520 | |a This book presents state-of-the-art research on teh techniques and their application to fluid flow. Progress in fluid mechanics depends heavily on the availability of good experimental data which can inspire new ideas and concepts but which are also necessary to check and validate theories and numerical calculations. With the advent of new recording and image analysis techniques new and promissing experimental methods in fluid flows have presented themselves which are able to obtain spatial information | ||
| 650 | |a flow visualization,fluid mechanics - data processing,image processing | ||
| 904 | |i Minh, 970107 | ||
| 980 | |a Trung tâm Học liệu Trường Đại học Cần Thơ | ||